Country Flags That Have A Moon - Statistics

General Stats
  • This quiz has been taken 17 times
  • The average score is 8 of 13
Answer Stats
Hint Answer % Correct
Africa Algeria
93%
Asia Turkey
80%
Asia Pakistan
73%
Africa Tunisia
73%
Africa Libya
67%
Asia Turkmenistan
67%
Asia Maldives
60%
Africa Mauritania
60%
Asia Uzbekistan
60%
Asia Singapore
53%
Africa Comoros
47%
Asia Azerbaijan
40%
Asia Malaysia
40%
No matching quizzes found
Score Distribution
Percent of People with Each Score
Percentile by Number Answered
Your Score History
You have not taken this quiz